000 01156cam a2200253 4500
001 ABS59857
008 090401t1998 xxu||||| |||| 00| 0 eng d
035 _a(Sirsi) u99628
041 _aeng
245 _aAlternative land use
260 _c1998
350 _a0
490 _aFarm Development Review
_v12(12) October 1998, 8 LOAN
520 _aThis issue reports on the UK specialist cheese industry and its problem with health issues in the light of the BSE inquiry. Looks at the export potential of specialist cheese. Focus on goat farming, looking at the state of the industry as well as commercial enterprise developments. Includes details of a West Country tourism initiative and a holiday cottage loan scheme. Report on the split of Organic Growers & Farmers from the Soil Association, and gives details of the new certification scheme. Information on the new MAFF guide for small food business.
650 _aALTERNATIVE LAND USE
650 _aCHEESE-MAKING
650 _aDIVERSIFICATION
650 _aFARMING
650 _aFOOD SAFETY
650 _aGOAT FARMING
690 _aRURAL PRACTICE
942 _n0
948 _c15/12/1998
999 _c99408
_d99408